Home Print Resources E-Books E-Journals IIMT Lecture Series Library Membership Form Book Recommendation Form Campus Tour Take AdmissionAbout Us Contact Us

ORGANISATIONAL BEHAVIOR (Record no. 2553)

000 -LEADER
fixed length control field 00391nam a2200169Ia 4500
003 - CONTROL NUMBER IDENTIFIER
control field OSt
005 - DATE AND TIME OF LATEST TRANSACTION
control field 20240409114859.0
008 - FIXED-LENGTH DATA ELEMENTS--GENERAL INFORMATION
fixed length control field 170524s9999 xx 000 0 und d
015 ## - NATIONAL BIBLIOGRAPHY NUMBER
Source 978-8174467478
020 ## - INTERNATIONAL STANDARD BOOK NUMBER
International Standard Book Number 8122000274
040 ## - CATALOGING SOURCE
Transcribing agency IIMT UNIVERSITY
100 ## - MAIN ENTRY--PERSONAL NAME
Personal name Rao -Subba
100 ## - MAIN ENTRY--PERSONAL NAME
Titles and words associated with a name 2010
245 #0 - TITLE STATEMENT
Title ORGANISATIONAL BEHAVIOR
260 ## - PUBLICATION, DISTRIBUTION, ETC.
Place of publication, distribution, etc. Himalaya Pub. House
942 ## - ADDED ENTRY ELEMENTS (KOHA)
Source of classification or shelving scheme
Koha item type Book Bank
Holdings
Withdrawn status Lost status Source of classification or shelving scheme Damaged status Not for loan Home library Current library Date acquired Barcode Date last seen Price effective from Koha item type Public note
          IIMT University Central Library Meerut IIMT University Central Library Meerut 05/31/2017 01-B-19831 05/31/2017 05/31/2017 Book Bank
          IIMT University Central Library Meerut IIMT University Central Library Meerut 05/31/2017 01-B-19832 05/31/2017 05/31/2017 Book Bank  
          IIMT University Central Library Meerut IIMT University Central Library Meerut 05/31/2017 01-B-19833 05/31/2017 05/31/2017 Book Bank  
          IIMT University Central Library Meerut IIMT University Central Library Meerut 05/31/2017 01-B-19834 05/31/2017 05/31/2017 Book Bank  
          IIMT University Central Library Meerut IIMT University Central Library Meerut 05/31/2017 01-B-19835 05/31/2017 05/31/2017 Book Bank  
IIMT, Central Library. All Rights Reserved IIMT,UNIVERSITY © 2023
Implemented and Customised by I CLOUDE EMS
You Are OPAC Visitor No
free web counter

Powered by Koha